000 00541nam a22002417a 4500
005 20240809133534.0
008 150304b xxu||||| |||| 00| 0 spa d
020 _a9968992682
041 _aESP
082 _a786.64 S222m
100 _aSandy
245 _aLa marimba
260 _aCosta Rica
260 _bO. Sandí P
260 _c2013
300 _a40 páginas
650 _aCOSTA RICA
650 _aINSTRUMENTOS DE PERCUSIÓN
650 _aMARIMBA
650 _aFOLCLORE COSTARRICENSE
942 _cBK
_2ddc
999 _c3633
_d3633